Responses for Show #7413 - Wednesday, November 30, 2016

Contestants

[<< previous game]

Vicki Kelly, a biologist from Newark, Delaware

Michael Malyszko, a commercial photographer from Boston, Massachusetts

Justin Bender, a technical engineer from Boulder, Colorado (whose 3-day cash winnings total $40,800)

[next game >>]

Jeopardy! Round responses

CURRENT POP CULTURE
16 TONS
& WHAT DO YOU "GET"
ANOTHER DAY OLDER
DEEPER IN DEBT
(Alex: And because of that, I owe my soul to...)
THE COMPANY STORE
    $200 1
The Jungle Book

Vicki
    $200 29
[The end-of-round signal sounds.]

a streetcar

Justin
    $200 6
a McNugget (or nugget)

Justin
    $200 11
Edison

Justin
    $200 20
Starbucks

Justin
    $400 2
Jessica Lange

Vicki
    $400 28
Florida

Justin
    $400 7
Bob Saget

Justin
    $400 12
Babe Ruth

Justin
    $400 17
Puerto Rico

Justin
    $400 21
Victoria's Secret

Justin
    $600 3
Frank Ocean

Justin
    $600 27
Monty Python

Justin
    $600 8
a getup

Justin
    $600 13
(John Philip) Sousa

Justin
    $600 16
GDP

Vicki
    $600 22
Pep Boys

Justin
    $800 4
The Secret Life of Pets

Justin
    $800 26
Lenin

Michael
    $800 9
a forget-me-not

Vicki
    $800 14
Louis XIV

Triple Stumper
    $800 18
(Treaty of) Versailles

Michael
    $800 23
Williams-Sonoma

Justin
    $1000 5
MythBusters

Vicki
    $1000 25
(Justin: What is a great white shark?)

the whale shark

Justin
Triple Stumper
    $1,000 10
(Alex: Vicki? Not coming?)
(Vicki: No.)

Serengeti

Vicki
    $1000 15
FDR

Michael
    $1000 19
Orange County

Justin
    $1000 24
(Alex: With less than a minute to go.)

Hot Topic

Vicki

Scores at the first commercial break (after clue 15):

Justin Michael Vicki
$3,800 $1,000 $1,400

Scores at the end of the Jeopardy! Round:

Justin Michael Vicki
$7,400 $2,600 $3,000

Double Jeopardy! Round responses

ALSO FOUND ON A CAR
STATE FLAGS
BEAR WITH US
SHORT STORIES
SPORTS EQUIPMENT
THE ERIE CANAL
    $400 28
a horn

Michael
    $400 26
the Hudson River

Justin
    $400 25
polar bears

Vicki
    $400 14
Miss Marple

Justin
    $400 3
Kevlar

Vicki
    $400 29
(Justin: What is Rochester?)
...
[The end-of-round signal sounds.]

Buffalo

Justin
Triple Stumper
    $800 21
tire

Michael
    $800 20
Oregon

Justin
    $800 17
the cave bear

Michael
    $800 15
(Edgar Allan) Poe

Justin
    $800 4
Kareem Abdul-Jabbar

Justin
    $800 24
tolls

Justin
    $1200 1
a dash

Justin
    $2,400 2
(Alex: Yes, and it also has a bear on it.)

California

Justin
    $1200 8
a sloth bear

Justin
    $1200 11
J.D. Salinger

Triple Stumper
    $1200 5
a 1-iron

Michael
    $3,000 23
(Alex: And we have a minute to go now.)

Philadelphia

Michael
    $1600 12
the spark plug

Triple Stumper
    $1600 18
an anchor

Triple Stumper
    $1600 9
black bear

Triple Stumper
    $1600 16
Pilgrim's Progress

Triple Stumper
    $1600 6
a flak jacket

Justin
    $1600 22
(Justin: What is the Cuyahoga River?)

the Mohawk River

Justin
Triple Stumper
    $2000 13
the trunk

Vicki
    $2000 19
Arkansas

Michael
    $2000 10
the Malay Peninsula

Triple Stumper
    $2000 7
a blocker

Justin
    $2000 27
DeWitt Clinton

Triple Stumper

Scores at the end of the Double Jeopardy! Round:

Justin Michael Vicki
$17,800 $10,800 $5,800

[wagering suggestions for these scores]

Final Jeopardy! Round responses

ENTERTAINMENT AWARD WINNERS
VickiWho is Whoopi Goldberg?
$2,200
MichaelWho is Bette Midler
$3,201
JustinWho is Whoopi Goldberg?
$3,801
Whoopi Goldberg

Final scores:

Justin Michael Vicki
$21,601 $7,599 $8,000
4-day champion: $62,401 3rd place: $1,000 2nd place: $2,000

Game dynamics:

Coryat scores:

Justin Michael Vicki
$16,600 $9,000 $6,800
28 R
(including 1 DD),
3 W
9 R
(including 1 DD),
0 W
9 R,
1 W
(including 1 DD)

Combined Coryat: $32,400

[game clues] [game scores] [suggest correction]

Game tape date: 2016-08-24
The J! Archive is created by fans, for fans. Scraping, republication, monetization, and malicious use prohibited; this site may use cookies and collect identifying information. See terms. The Jeopardy! game show and all elements thereof, including but not limited to copyright and trademark thereto, are the property of Jeopardy Productions, Inc. and are protected under law. This website is not affiliated with, sponsored by, or operated by Jeopardy Productions, Inc. Join the discussion at JBoard.tv.